000 00921cam a2200313 i 4500
001 10633274
003 ARRUPE
005 20160928160429.0
008 130314s2012 ke a 000 p eng
010 _a 2012313679
020 _a9789966213402
020 _a9966213406
035 _a(OCoLC)ocn841222385
035 _a(OCoLC)841222385
035 _a(NNC)10633274
040 _aDLC
_beng
_erda
_cDLC
_dOCLCQ
_dNYP
_dOCLCO
_dSTF
_dZCU
042 _alcode
_apcc
043 _af-ke---
050 4 _aBX961.H6 2000
100 _aTheological-Historical Commission (Holy Year)
_926338
245 1 4 _aYour Spirit, Lord,
_bfill the earth
_cby Theological-Historical Commission (Holy Year)
260 _aNairobi
_bPaulines
_c2000
300 _a128p.;
_c21 cm
650 _aHoly year
_925734
942 _2lcc
_cMONOGRAPH
948 0 _a20140127
_bx
_csds12
_dMPS
948 1 _a20140303
_bf
_ccmh2166
_dOSMC
999 _c125224
_d125224